000
00302nam a22001337a 4500
008
170214b xxu||||| |||| 00| 0 eng d
020
_a
156793188
041
_a
eng
080
_2
5ED
_a
61
100
_a
4
101
_a
SHM
245
_a
WELL MANAGED HEALTH CARE ORGANIZATION
_c
GRIFFITH
942
_2
udc
_c
BK
999
_c
5422
_d
5422